|
|
|
|
| LEADER |
01029nam a2200253 a 4500 |
| 001 |
14125971 |
| 008 |
091028s2005 dcua b 000 0 eng d |
| 010 |
|
|
|a \\2005054796
|
| 020 |
|
|
|a 0821364421
|
| 020 |
|
|
|a 9780821364420
|
| 040 |
|
|
|a DLC
|c DLC
|d YDX
|d BAKER
|d PUL
|d DLC
|
| 082 |
0 |
0 |
|a 303.48/33
|2 22
|
| 245 |
0 |
0 |
|a E-development :
|b from excitement to effectiveness /
|c edited by Robert Schware.
|
| 260 |
|
|
|a Washington, D.C. :
|b World Bank,
|c c2005.
|
| 300 |
|
|
|a xxi, 168 p. :
|b ill. ;
|c 28 cm.
|
| 504 |
|
|
|a Includes bibliographical references (p. 149-168).
|
| 541 |
1 |
|
|e 00014052
|
| 650 |
|
0 |
|a Information technology
|x Economic aspects
|z Developing countries.
|
| 650 |
|
0 |
|a Technology and state
|z Developing countries.
|
| 650 |
|
0 |
|a Information society
|z Developing countries.
|
| 700 |
1 |
|
|a Schware, Robert,
|d 1952-
|
| 852 |
4 |
|
|a Ayesha Abed Library
|j General shelf
|
| 999 |
|
|
|c 4913
|d 4913
|
| 952 |
|
|
|0 0
|1 0
|2 ddc
|4 0
|6 303_483300000000000_EDE_2005
|7 0
|9 4735
|a BRACUL
|b BRACUL
|c GEN
|d 2009-10-28
|l 0
|o 303.4833 EDE
|p 3010014052
|r 2009-10-28
|t 1
|w 2009-10-28
|y BK
|